Wettbewerbsvorteile, strategische Zusammenschlüsse und Kooperationen in internationalen Automobilunternehmen - Besonderheiten der japanischen Automobilhersteller <a> microeconomic examination
Salvato in:
| Autore principale: | |
|---|---|
| Ente Autore: | |
| Altri autori: | |
| Natura: | Libro |
| Lingua: | tedesco |
| Pubblicazione: |
Bratislava
2008
|
| Soggetti: | |
| Tags: |
Nessun Tag, puoi essere il primo ad aggiungerne!!
|
MARC
| LEADER | 00000nam$a2200000$$$4500 | ||
|---|---|---|---|
| 001 | 0093824 | ||
| 005 | 20240418093806.2 | ||
| 041 | 0 | |a ger | |
| 044 | |a SK | ||
| 245 | 1 | 0 | |a Wettbewerbsvorteile, strategische Zusammenschlüsse und Kooperationen in internationalen Automobilunternehmen - Besonderheiten der japanischen Automobilhersteller |b <a> microeconomic examination |c Michael Haberland ; škol. Jana Sršňová |
| 264 | 1 | |a Bratislava |c 2008 | |
| 300 | |a 147 s. | ||
| 610 | 2 | 0 | |a automobilizmus |
| 610 | 2 | 0 | |a automobily |
| 610 | 2 | 0 | |a podnikanie |
| 610 | 2 | 0 | |a konkurencieschopnosť |
| 610 | 2 | 0 | |a Japonsko |
| 100 | 1 | |a Haberland, Michael | |
| 700 | 1 | |a Sršňová, Jana | |
| 710 | 2 | |a Ekonomická univerzita v Bratislave. Fakulta podnikového manažmentu | |